000 00935nam a2200289 i 4500
003 DO-SdBNP
005 20240430192716.0
006 a||||fr|||| 00| 0
007 ta
008 230606e2013 dr a||||r|||| 00| 0 spa d
020 _a9945408046
040 _aDO-SdBNP
_bspa
_cBNPHU
_erda
082 4 _a001.42
_bU75com
_222
100 1 _946272
_aUreña, Alejandro
245 1 0 _aCómo hacer una tesis
_cAlejandro Ureña
264 _aSanto Domingo :
_bLetra Gráfica,
_c2013
300 _a94 páginas :
_bIIustraciones, retratos
_c22 cm.
336 _2rdaconten
_atexto
_btxt
337 _2rdamedia
_asin medición
_bn
338 _2rdacarrier
_avolumen
_bnc
500 _aIncluye datos biográficos del autor en la portada.
504 _aBibliografía: página 94
590 _aInventariado 2023 / MF
650 0 _aTesis y disertaciones académicas
_919630
650 _aInvestigacion cientifica
_xMetodologia
_910
942 _2ddc
_cLBS1
999 _c53727
_d53727